<?xml version="1.0" encoding="UTF-8"?>
<marc:record xmlns:marc="http://www.loc.gov/MARC21/slim">
   <marc:leader>00000nam a2200000 a 4500</marc:leader>
   <marc:datafield ind1="1" ind2=" " tag="100">
      <marc:subfield code="a">Knapman, Timothy</marc:subfield>
      <marc:subfield code="4">aut</marc:subfield>
      <marc:subfield code="e">Verfasser/-in</marc:subfield>
   </marc:datafield>
   <marc:datafield ind1="0" ind2="0" tag="245">
      <marc:subfield code="a">Zeitreise im Schlafanzug. Erlebe die Ritterzeit</marc:subfield>
   </marc:datafield>
   <marc:datafield ind1="0" ind2="0" tag="245">
      <marc:subfield code="b">Geschichte für Kinder (Kindersachbuch) I Mit bunten Wimmelbildern und extragroßen Aufklappseiten</marc:subfield>
   </marc:datafield>
   <marc:datafield ind1="0" ind2="0" tag="245">
      <marc:subfield code="c">Knapman, Timothy</marc:subfield>
   </marc:datafield>
   <marc:datafield ind1=" " ind2="1" tag="264">
      <marc:subfield code="a">Frankfurt am Main</marc:subfield>
      <marc:subfield code="b">Fischer Sauerländer</marc:subfield>
      <marc:subfield code="c">2025</marc:subfield>
   </marc:datafield>
   <marc:datafield ind1="1" ind2=" " tag="490">
      <marc:subfield code="a">Zeitreise im Schlafanzug</marc:subfield>
   </marc:datafield>
   <marc:datafield ind1=" " ind2=" " tag="250">
      <marc:subfield code="a">1. Auflage</marc:subfield>
   </marc:datafield>
   <marc:datafield ind1="1" ind2=" " tag="520">
      <marc:subfield code="a">Die drei Zeitreisenden sind mitten im Mittelalter gelandet und erkunden mit ihren neuen Freunden die Geheimnisse der Ritterzeit und des Lebens auf der Burg. Es erwarten sie ganz schön kratzige Gewänder und jede Menge harter Arbeit, zum Beispiel bei der Ausbildung zum Ritter oder auf dem Feld. Ein umso größeres Hightlight sind das spannende Ritterturnier und das üppige Festmahl mit lustiger Narren-Unterhaltung.&#xD;
&#xD;
&#xD;
Am Ende ihres Abenteuers freuen sich die Kinder schon wieder auf das entspannte Leben zuhause, aber die praktischen Beinschoner der Ritterrüstung würden sie gerne mitnehmen.</marc:subfield>
   </marc:datafield>
   <marc:datafield ind1=" " ind2=" " tag="020">
      <marc:subfield code="a">9783737373760</marc:subfield>
      <marc:subfield code="9">9783737373760</marc:subfield>
   </marc:datafield>
   <marc:datafield ind1=" " ind2=" " tag="020">
      <marc:subfield code="a">3737373760</marc:subfield>
      <marc:subfield code="9">3737373760</marc:subfield>
   </marc:datafield>
   <marc:datafield ind1=" " ind2=" " tag="041">
      <marc:subfield code="a">ger</marc:subfield>
   </marc:datafield>
   <marc:datafield ind1=" " ind2=" " tag="300">
      <marc:subfield code="a">52 Seiten</marc:subfield>
   </marc:datafield>
</marc:record>
